Sports Quiz

Random Sports or Olympics Quiz

Olympics by Emblem Quiz Stats

Quiz Updated Feb 14, 2012

Challenge
Share
Tweet
Score 0/20 Timer 04:00
3 Plays Today
No. City % Correct
13Vancouver, Canada (Winter 2010)
68%
6Athens, Greece (Summer 2004)
61.3%
9Beijing, China (Summer 2008)
56.2%
16Tokyo, Japan (Summer 1964)
53.3%
15Atlanta, USA (Summer 1996)
51%
20Sydney, Australia (Summer 2000)
39.5%
3Los Angeles, USA (Summer 1984)
34.3%
4Salt Lake City, USA (Winter 2002)
31.5%
17Turin, Italy (Winter 2006)
28.3%
10Barcelona, Spain (Summer 1992)
26.7%
No. City % Correct
5Moscow, U.S.S.R. (Summer 1980)
24.5%
2Calgary, Canada (Winter 1988)
21.7%
19Montréal, Canada (Summer 1976)
17.9%
8Lake Placid, USA (Winter 1980)
16.3%
11Seoul, South Korea (Summer 1988)
16.1%
18Nagano, Japan (Winter 1998)
16.1%
1Lillehammer, Norway (Winter 1994)
13.8%
7Albertville, France (Winter 1992)
10.4%
12Innsbruck, Austria (Winter 1964)
9.2%
14Sarajevo, Yugoslavia (Winter 1984)
7.7%

You're not logged in!

Compare scores with friends on all Sporcle quizzes.
Join for Free
OR
Log In

You Might Also Like...

Show Comments

Extras

Top Quizzes Today


Score Distribution

Your Account Isn't Verified!

In order to create a playlist on Sporcle, you need to verify the email address you used during registration. Go to your Sporcle Settings to finish the process.

Report this User

Report this user for behavior that violates our Community Guidelines.

Details: